000 00380nam a22001457a 4500
003 OSt
005 20240415111010.0
008 240415b |||||||| |||| 00| 0 eng d
040 _cNOIDA IIMT COLLEGE OF MANAGEMENT
100 _aVASANT DESAI
245 _aENTREPRENEURIAL DEVELOPMENT
260 _aMUMBAI
_bHIMALAYA PUBLISHING HOUSE
_c2023
300 _a555
942 _2ddc
_c02
_e1ST
999 _c58713
_d58713